| 000 | 00861nam a2200121Ia 4500 | ||
|---|---|---|---|
| 008 | 220620s9999||||xx |||||||||||||| ||und|| | ||
| 100 | _aMorelli, Nicola||de Götzen, Amalia||Simeone, Luca | ||
| 245 | 0 | _aService Design Capabilities | |
| 546 | _aEnglish[eng] | ||
| 650 | _aInnovation/Technology Management||Manufacturing, Machines, Tools, Processes||Services||Business and Management||Machines, Tools, Processes||Industries||service design||value creation interaction||value creation infrastructure||Service System Design||innovation||Design capabilities||open access||Research & development management||Industrial applications of scientific research & technological innovation||Production engineering||Hospitality & service industries | ||
| 856 | _uhttps://library.oapen.org/bitstream/20.500.12657/41749/1/2021_Book_ServiceDesignCapabilities.pdf | ||
| 942 | _cEB | ||
| 999 |
_c22155 _d22155 |
||